[Event "Hull CC-chB"]
[Site "Gatineau CAN"]
[Date "2009.04.21"]
[Round "2"]
[White "Scantland, Patrick"]
[Black "Berthiaume, Patrick"]
[Result "1-0"]
[WhiteElo "1699"]
[BlackElo "1172"]
[PlyCount "61"]
[GameId "2160767910157264"]
[EventDate "2009.04.14"]
[EventType "swiss"]
[EventRounds "5"]
[EventCountry "CAN"]
[SourceTitle "EXT 2011"]
[Source "ChessBase"]
[SourceDate "2011.11.26"]
[SourceVersion "1"]
[SourceVersionDate "2011.11.26"]
[SourceQuality "1"]

1. e4 e6 2. d4 d5 3. Nd2 Nf6 4. e5 Nfd7 5. f4 c5 6. c3 Qb6 7. Ngf3 cxd4 8. cxd4 Nc6 9. Nb3 a5 10. Rb1 a4 11. Na1 Bb4+ 12. Kf2 f6 13. Nc2 fxe5 14. fxe5 O-O 15. Be3 Be7 16. Be2 g5 17. h3 Qa5 18. a3 b5 19. Rf1 b4 20. Kg1 b3 21. Nce1 h6 22. Rc1 Bb7 23. Nd3 Rac8 24. Nh2 Rxf1+ 25. Qxf1 Rf8 26. Qd1 Rc8 27. Nf2 Na7 28. Nhg4 Kg7 29. Bd3 Nb6 30. Bd2 Rxc1 31. Qxc1 1-0

[Event "Hull CC-chB"]
[Site "Gatineau CAN"]
[Date "2009.04.21"]
[Round "2"]
[White "Thibault, David"]
[Black "Pilon, Robert"]
[Result "0-1"]
[WhiteElo "1632"]
[BlackElo "1337"]
[PlyCount "70"]
[GameId "2160767910157265"]
[EventDate "2009.04.14"]
[EventType "swiss"]
[EventRounds "5"]
[EventCountry "CAN"]
[SourceTitle "EXT 2011"]
[Source "ChessBase"]
[SourceDate "2011.11.26"]
[SourceVersion "1"]
[SourceVersionDate "2011.11.26"]
[SourceQuality "1"]

1. e4 e6 2. Nf3 d5 3. exd5 exd5 4. d4 Nf6 5. Bd3 Bg4 6. Bg5 Be7 7. Nbd2 h6 8. Be3 Nbd7 9. c3 c6 10. Qc2 Qc7 11. Nh4 g6 12. Bxg6 O-O-O 13. Bxf7 Rdf8 14. Ng6 Rxf7 15. Nxh8 Rg7 16. Ng6 Bd6 17. Nh4 Bxh2 18. Bxh6 Rg8 19. Be3 Ne4 20. Nxe4 dxe4 21. Qxe4 Nf6 22. Qd3 Re8 23. Kd2 Ne4+ 24. Kc2 Nxf2 25. Bxf2 Re2+ 26. Kb1 Rxf2 27. Rf1 Qf4 28. Re1 Qf7 29. Qe4 Bd7 30. Qe7 Qf4 31. a3 Qd2 32. Ra2 Qd3+ 33. Ka1 Rf1 34. Nf3 Qd1+ 35. Rxd1 Rxd1# 0-1

[Event "Hull CC-chB"]
[Site "Gatineau CAN"]
[Date "2009.04.21"]
[Round "2"]
[White "Van Dusen, Eric"]
[Black "Arsenault, Michel"]
[Result "1-0"]
[WhiteElo "1830"]
[BlackElo "1949"]
[PlyCount "51"]
[GameId "2160767910157266"]
[EventDate "2009.04.14"]
[EventType "swiss"]
[EventRounds "5"]
[EventCountry "CAN"]
[SourceTitle "EXT 2011"]
[Source "ChessBase"]
[SourceDate "2011.11.26"]
[SourceVersion "1"]
[SourceVersionDate "2011.11.26"]
[SourceQuality "1"]

1. d4 Nf6 2. Nf3 e6 3. e3 c5 4. Bd3 Nc6 5. O-O Be7 6. c4 Nb4 7. Be2 Ne4 8. a3 Qa5 9. Nbd2 d5 10. Nxe4 dxe4 11. Ne5 Qa6 12. dxc5 Nc6 13. Nxc6 Qxc6 14. b4 O-O 15. Bb2 a5 16. f3 f5 17. fxe4 fxe4 18. Rxf8+ Kxf8 19. Qd4 Bf6 20. Rf1 e5 21. Qxe5 axb4 22. Qd4 bxa3 23. Qd8+ Kf7 24. Bh5+ Ke6 25. Bxf6 gxf6 26. Rxf6+ 1-0

[Event "Hull CC-chB"]
[Site "Gatineau CAN"]
[Date "2009.04.28"]
[Round "3"]
[White "Beland, Guy"]
[Black "Menard, Marc"]
[Result "0-1"]
[WhiteElo "1291"]
[BlackElo "1476"]
[PlyCount "73"]
[GameId "2160767910157267"]
[EventDate "2009.04.14"]
[EventType "swiss"]
[EventRounds "5"]
[EventCountry "CAN"]
[SourceTitle "EXT 2011"]
[Source "ChessBase"]
[SourceDate "2011.11.26"]
[SourceVersion "1"]
[SourceVersionDate "2011.11.26"]
[SourceQuality "1"]

1. e4 e5 2. Nf3 Nc6 3. Bc4 Nf6 4. d3 d6 5. h3 Na5 6. Nc3 Nxc4 7. dxc4 b6 8. O-O Bb7 9. Bg5 h6 10. Bxf6 Qxf6 11. Nd5 Qd8 12. Qe2 Qd7 13. Rad1 f6 14. Nh4 O-O-O 15. b4 c6 16. c5 cxd5 17. cxb6 axb6 18. exd5 Kb8 19. c4 Rc8 20. Ng6 Rg8 21. Qc2 Ba6 22. Nxf8 Rgxf8 23. c5 Bxf1 24. c6 Bb5 25. Qb3 Qa7 26. Qf3 Qxa2 27. Rc1 Rc7 28. Qe3 Qa6 29. Kh2 Rfc8 30. Ra1 Qxa1 31. Qxb6+ Ka8 32. Qxb5 Rb8 33. Qc4 Qd4 34. Qa6+ Ra7 35. Qe2 Qxd5 36. Qc2 Rc8 37. b5 0-1

[Event "Hull CC-chB"]
[Site "Gatineau CAN"]
[Date "2009.04.28"]
[Round "3"]
[White "Desjardins, Michel"]
[Black "Van Dusen, Eric"]
[Result "1/2-1/2"]
[WhiteElo "1939"]
[BlackElo "1830"]
[PlyCount "73"]
[GameId "2160767910157268"]
[EventDate "2009.04.14"]
[EventType "swiss"]
[EventRounds "5"]
[EventCountry "CAN"]
[SourceTitle "EXT 2011"]
[Source "ChessBase"]
[SourceDate "2011.11.26"]
[SourceVersion "1"]
[SourceVersionDate "2011.11.26"]
[SourceQuality "1"]

1. e4 g6 2. d4 Bg7 3. Nc3 d6 4. Be3 a6 5. Qd2 Nd7 6. Bd3 b5 7. a4 b4 8. Nce2 c5 9. c3 bxc3 10. bxc3 Bb7 11. f3 Qa5 12. Nh3 Rd8 13. O-O cxd4 14. cxd4 Qxd2 15. Bxd2 Ngf6 16. Rab1 Rb8 17. Ba5 Bc8 18. Rxb8 Nxb8 19. Rc1 Bxh3 20. gxh3 O-O 21. Rc7 e6 22. Ra7 Nh5 23. Kf1 Bh6 24. d5 Nf4 25. Nxf4 Bxf4 26. Ra8 exd5 27. exd5 Bxh2 28. Bc7 Nd7 29. Rxf8+ Kxf8 30. Bxa6 Ke7 31. a5 Be5 32. Bb5 Bd4 33. Ke2 Ba7 34. f4 f5 35. Kd3 Bf2 36. Ke2 Ba7 37. Bc6 1/2-1/2

[Event "Hull CC-chB"]
[Site "Gatineau CAN"]
[Date "2009.04.28"]
[Round "3"]
[White "Guimond, Michel"]
[Black "Groleau, Gilles"]
[Result "1/2-1/2"]
[WhiteElo "1907"]
[BlackElo "1885"]
[PlyCount "148"]
[GameId "2160767910157269"]
[EventDate "2009.04.14"]
[EventType "swiss"]
[EventRounds "5"]
[EventCountry "CAN"]
[SourceTitle "EXT 2011"]
[Source "ChessBase"]
[SourceDate "2011.11.26"]
[SourceVersion "1"]
[SourceVersionDate "2011.11.26"]
[SourceQuality "1"]

1. e4 c5 2. Nf3 e6 3. d4 cxd4 4. Nxd4 a6 5. Bd3 Qc7 6. c3 Nc6 7. f4 Nge7 8. O-O Qb6 9. Qe2 e5 10. fxe5 Nxe5 11. Be3 N7g6 12. Nb3 Qe6 13. Bc2 Be7 14. N1d2 O-O 15. h3 Nc6 16. Nd4 Nxd4 17. cxd4 d6 18. Bb3 Qd7 19. Nc4 Qb5 20. Qd3 Be6 21. d5 Bd7 22. a4 Qb4 23. Bd2 Qc5+ 24. Be3 Qb4 25. Nb6 Ne5 26. Qd2 Qxd2 27. Bxd2 Rad8 28. Rfc1 Nd3 29. Rc7 Nc5 30. Bc2 Bf6 31. Rb1 Bd4+ 32. Kh1 Rfe8 33. Ba5 f5 34. b4 Nxe4 35. Bxe4 Bxb6 36. Bxb6 fxe4 37. Rxb7 Rb8 38. Rxd7 Rxb6 39. a5 Rb5 40. Rxd6 e3 41. Re6 Rxe6 42. dxe6 e2 43. Re1 Re5 44. Kg1 Rxe6 45. Kf2 Re4 46. Rxe2 Rxb4 47. Re6 Rb2+ 48. Kg3 Rb3+ 49. Kh4 h6 50. Rxa6 Kh7 51. Rb6 Ra3 52. a6 Ra4+ 53. Kg3 Ra3+ 54. Kh2 Ra2 55. h4 h5 56. Kg3 Ra3+ 57. Kf4 Ra4+ 58. Ke5 Ra2 59. Kd6 Rxg2 60. Kc7 g5 61. a7 Ra2 62. Kb7 gxh4 63. a8=Q Rxa8 64. Kxa8 h3 65. Rb3 Kg6 66. Rxh3 Kg5 67. Kb7 Kg4 68. Rh1 h4 69. Kc6 h3 70. Kd5 Kg3 71. Ke4 Kg2 72. Rb1 h2 73. Rb2+ Kg1 74. Rb1+ Kg2 1/2-1/2

[Event "Hull CC-chB"]
[Site "Gatineau CAN"]
[Date "2009.04.28"]
[Round "3"]
[White "Jani, Louis"]
[Black "Berthiaume, Serge"]
[Result "0-1"]
[WhiteElo "1435"]
[BlackElo "1303"]
[PlyCount "76"]
[GameId "2160767910157270"]
[EventDate "2009.04.14"]
[EventType "swiss"]
[EventRounds "5"]
[EventCountry "CAN"]
[SourceTitle "EXT 2011"]
[Source "ChessBase"]
[SourceDate "2011.11.26"]
[SourceVersion "1"]
[SourceVersionDate "2011.11.26"]
[SourceQuality "1"]

1. e4 e6 2. d4 d5 3. e5 c5 4. Nf3 Qb6 5. b3 Nc6 6. Bb2 Nge7 7. Be2 Ng6 8. c3 cxd4 9. cxd4 Qa5+ 10. Nbd2 Be7 11. O-O f6 12. a3 fxe5 13. dxe5 Qc7 14. Re1 O-O 15. Bb5 Bd7 16. Bxc6 Bxc6 17. Rc1 Rf7 18. b4 a6 19. a4 Bxb4 20. Bc3 Be7 21. Qb3 Nh4 22. Nxh4 Bxh4 23. Nf3 Be7 24. Bd4 Raf8 25. Bb6 Qd7 26. a5 Bd8 27. Qb2 Bxb6 28. Qxb6 Rf4 29. Qb1 Qf7 30. Ng5 Qh5 31. Nxe6 Qg4 32. Nxf4 Rxf4 33. Qb3 Qe6 34. Re3 Rf7 35. Rce1 Rf5 36. Rf3 Rxe5 37. Rxe5 Qxe5 38. Re3 Qa1+ 0-1

[Event "Hull CC-chB"]
[Site "Gatineau CAN"]
[Date "2009.04.28"]
[Round "3"]
[White "Labelle, Raymond"]
[Black "Scantland, Patrick"]
[Result "0-1"]
[WhiteElo "1378"]
[BlackElo "1699"]
[PlyCount "58"]
[GameId "2160767910157271"]
[EventDate "2009.04.14"]
[EventType "swiss"]
[EventRounds "5"]
[EventCountry "CAN"]
[SourceTitle "EXT 2011"]
[Source "ChessBase"]
[SourceDate "2011.11.26"]
[SourceVersion "1"]
[SourceVersionDate "2011.11.26"]
[SourceQuality "1"]

1. e4 c5 2. Nf3 d6 3. d4 cxd4 4. Nxd4 Nf6 5. Nc3 a6 6. Be3 e5 7. Nf5 d5 8. Ne2 Nxe4 9. Nfg3 Nxg3 10. Nxg3 d4 11. Bd2 Be7 12. Bd3 Nc6 13. Qf3 Be6 14. O-O Bf6 15. Nh5 Rc8 16. Nxf6+ Qxf6 17. Qxf6 gxf6 18. Bh6 f5 19. a3 Rg8 20. Bd2 e4 21. Be2 Bd5 22. c4 Be6 23. b3 Ke7 24. Rac1 Rcd8 25. b4 d3 26. Bd1 Nd4 27. f3 Ne2+ 28. Bxe2 dxe2 29. Bg5+ Rxg5 0-1

[Event "Hull CC-chB"]
[Site "Gatineau CAN"]
[Date "2009.04.28"]
[Round "3"]
[White "Lacourse, Guy"]
[Black "Lemieux, Richard"]
[Result "1-0"]
[WhiteElo "1614"]
[BlackElo "1653"]
[PlyCount "71"]
[GameId "2160767910157272"]
[EventDate "2009.04.14"]
[EventType "swiss"]
[EventRounds "5"]
[EventCountry "CAN"]
[SourceTitle "EXT 2011"]
[Source "ChessBase"]
[SourceDate "2011.11.26"]
[SourceVersion "1"]
[SourceVersionDate "2011.11.26"]
[SourceQuality "1"]

1. c4 g6 2. Nf3 Bg7 3. d4 d5 4. cxd5 Qxd5 5. Nc3 Qa5 6. e4 Bg4 7. Bc4 e6 8. Bd2 c6 9. e5 Qb6 10. Na4 Qd8 11. Be2 Bxf3 12. Bxf3 Qxd4 13. Bc3 Qxd1+ 14. Rxd1 Nd7 15. O-O Bxe5 16. Rxd7 Bxc3 17. Rxb7 Bf6 18. Bxc6+ Kf8 19. Rxf7+ Kxf7 20. Bxa8 Ne7 21. Bf3 Bd4 22. Rd1 e5 23. Kf1 Rc8 24. Be4 Nf5 25. Bxf5 gxf5 26. Rd2 f4 27. Ke2 Kf6 28. Nc3 Bxc3 29. Rc2 Rg8 30. Rxc3 Rxg2 31. Rc7 Rg7 32. Rxg7 Kxg7 33. Kf3 a5 34. Ke4 Kf6 35. f3 Ke6 36. b3 1-0

[Event "Hull CC-chB"]
[Site "Gatineau CAN"]
[Date "2009.04.28"]
[Round "3"]
[White "Levesque, Andre"]
[Black "Wright, William"]
[Result "1/2-1/2"]
[WhiteElo "1302"]
[BlackElo "1092"]
[PlyCount "113"]
[GameId "2160767910157273"]
[EventDate "2009.04.14"]
[EventType "swiss"]
[EventRounds "5"]
[EventCountry "CAN"]
[SourceTitle "EXT 2011"]
[Source "ChessBase"]
[SourceDate "2011.11.26"]
[SourceVersion "1"]
[SourceVersionDate "2011.11.26"]
[SourceQuality "1"]

1. e4 c6 2. Nf3 d5 3. exd5 cxd5 4. Ne5 Nf6 5. Bb5+ Nbd7 6. O-O a6 7. Nxd7 Bxd7 8. Be2 e6 9. d4 Bd6 10. Nd2 O-O 11. Nf3 Re8 12. b3 Ne4 13. Bb2 Rc8 14. c4 Bb4 15. Qd3 b5 16. a3 Ba5 17. b4 bxc4 18. Qe3 Bc7 19. Ne5 Bxe5 20. dxe5 Bb5 21. Bc1 Qc7 22. f3 Qxe5 23. Ra2 Qc3 24. fxe4 Qxe3+ 25. Bxe3 dxe4 26. Rc1 c3 27. Bxb5 axb5 28. Bc5 Red8 29. Rxc3 f5 30. g3 g5 31. Re2 Kf7 32. h3 Kf6 33. Rec2 f4 34. gxf4 gxf4 35. Bb6 Rd1+ 36. Kf2 Rxc3 37. Rxc3 e3+ 38. Ke2 Rd2+ 39. Kf3 Kf5 40. Bxe3 fxe3 41. Kxe3 Rh2 42. Rc5+ e5 43. Rxb5 Rxh3+ 44. Kd2 Rxa3 45. Ra5 Rh3 46. b5 h5 47. Kc2 Rg3 48. b6 Rg8 49. b7 Rb8 50. Rb5 h4 51. Kd2 Kf4 52. Rb6 e4 53. Rf6+ Kg5 54. Rf7 h3 55. Ke3 h2 56. Rh7 Rxb7 57. Rxh2 1/2-1/2

[Event "Hull CC-chB"]
[Site "Gatineau CAN"]
[Date "2009.04.28"]
[Round "3"]
[White "Libersan, Mattieu"]
[Black "Chartrand, Jean Bruno"]
[Result "1-0"]
[WhiteElo "1872"]
[BlackElo "1986"]
[PlyCount "47"]
[GameId "2160767910157274"]
[EventDate "2009.04.14"]
[EventType "swiss"]
[EventRounds "5"]
[EventCountry "CAN"]
[SourceTitle "EXT 2011"]
[Source "ChessBase"]
[SourceDate "2011.11.26"]
[SourceVersion "1"]
[SourceVersionDate "2011.11.26"]
[SourceQuality "1"]

1. e4 Nf6 2. e5 Nd5 3. d4 d6 4. c4 Nb6 5. f4 dxe5 6. fxe5 Nc6 7. Be3 Bf5 8. Nc3 e6 9. Nf3 Be7 10. d5 exd5 11. cxd5 Nb4 12. Nd4 Qd7 13. Bb5 c6 14. O-O Bg4 15. e6 Bxd1 16. exd7+ Kxd7 17. dxc6+ bxc6 18. Raxd1 cxb5 19. Ndxb5+ Kc6 20. Rxf7 N6d5 21. Rxe7 Nxe7 22. Rd6+ Kb7 23. Rd7+ Kc6 24. Rc7# 1-0

[Event "Hull CC-chB"]
[Site "Gatineau CAN"]
[Date "2009.04.28"]
[Round "3"]
[White "MacIsaac, Alexandre"]
[Black "Dagenais, Benoit"]
[Result "1-0"]
[WhiteElo "1488"]
[BlackElo "1138"]
[PlyCount "45"]
[GameId "2160767910157275"]
[EventDate "2009.04.14"]
[EventType "swiss"]
[EventRounds "5"]
[EventCountry "CAN"]
[SourceTitle "EXT 2011"]
[Source "ChessBase"]
[SourceDate "2011.11.26"]
[SourceVersion "1"]
[SourceVersionDate "2011.11.26"]
[SourceQuality "1"]

1. e4 Nf6 2. e5 Nd5 3. d4 d6 4. c4 Nb6 5. exd6 cxd6 6. Nc3 g6 7. Nf3 Bg4 8. Be3 Bg7 9. h3 Bf5 10. Qd2 Nc6 11. g4 Bc8 12. Bh6 Bxh6 13. Qxh6 Nb4 14. Qg7 Kd7 15. O-O-O Qf8 16. Qxf8 Rxf8 17. a3 Nc6 18. c5 f5 19. g5 Na4 20. Nxa4 Kc7 21. cxd6+ exd6 22. Nc3 Be6 23. d5 1-0

[Event "Hull CC-chB"]
[Site "Gatineau CAN"]
[Date "2009.04.28"]
[Round "3"]
[White "Pilon, Robert"]
[Black "Arsenault, Michel"]
[Result "0-1"]
[WhiteElo "1337"]
[BlackElo "1949"]
[PlyCount "62"]
[GameId "2160767910157276"]
[EventDate "2009.04.14"]
[EventType "swiss"]
[EventRounds "5"]
[EventCountry "CAN"]
[SourceTitle "EXT 2011"]
[Source "ChessBase"]
[SourceDate "2011.11.26"]
[SourceVersion "1"]
[SourceVersionDate "2011.11.26"]
[SourceQuality "1"]

1. Nf3 c5 2. b3 d6 3. Bb2 e5 4. e4 g6 5. Be2 Bg7 6. c4 Nc6 7. d3 Nge7 8. Nc3 O-O 9. h3 h6 10. O-O Be6 11. Nd5 Qd7 12. Bc1 Kh7 13. Bxh6 Kxh6 14. Qd2+ Kh7 15. Ng5+ Kg8 16. Nxe6 fxe6 17. Bg4 Nxd5 18. cxd5 Nd4 19. Qc3 Qf7 20. dxe6 Nxe6 21. Qc4 Nd4 22. Qc1 b5 23. Qd2 a5 24. Rab1 b4 25. Qd1 Ra7 26. Qd2 a4 27. Bd1 axb3 28. Rxb3 Rfa8 29. f4 exf4 30. Rxf4 Rxa2 31. Qe3 Bh6 0-1

[Event "Hull CC-chB"]
[Site "Gatineau CAN"]
[Date "2009.04.28"]
[Round "3"]
[White "Rainey, Ivan"]
[Black "Lavergne, Daniel"]
[Result "0-1"]
[WhiteElo "1437"]
[BlackElo "1608"]
[PlyCount "44"]
[GameId "2160767910157277"]
[EventDate "2009.04.14"]
[EventType "swiss"]
[EventRounds "5"]
[EventCountry "CAN"]
[SourceTitle "EXT 2011"]
[Source "ChessBase"]
[SourceDate "2011.11.26"]
[SourceVersion "1"]
[SourceVersionDate "2011.11.26"]
[SourceQuality "1"]

1. d4 d5 2. c4 dxc4 3. e3 Nf6 4. Bxc4 e6 5. Nc3 Nbd7 6. Nf3 a6 7. O-O Bd6 8. e4 e5 9. dxe5 Nxe5 10. Nxe5 Bxe5 11. Bxf7+ Kxf7 12. Qb3+ Be6 13. Qxb7 Re8 14. Re1 Qd6 15. Rd1 Bxh2+ 16. Kh1 Qe5 17. Nd5 Qh5 18. Be3 Be5+ 19. Kg1 Qh2+ 20. Kf1 Rab8 21. Qxa6 Rxb2 22. Rab1 Qh1# 0-1

[Event "Hull CC-chB"]
[Site "Gatineau CAN"]
[Date "2009.05.05"]
[Round "4"]
[White "Beriault, Silvain"]
[Black "Arsenault, Yves"]
[Result "1-0"]
[WhiteElo "1699"]
[BlackElo "1430"]
[PlyCount "123"]
[GameId "2160767910157278"]
[EventDate "2009.04.14"]
[EventType "swiss"]
[EventRounds "5"]
[EventCountry "CAN"]
[SourceTitle "EXT 2011"]
[Source "ChessBase"]
[SourceDate "2011.11.26"]
[SourceVersion "1"]
[SourceVersionDate "2011.11.26"]
[SourceQuality "1"]

1. d4 Nf6 2. Nf3 e6 3. c4 Nc6 4. Nc3 Bb4 5. Bd2 O-O 6. e3 d5 7. Qc2 Re8 8. Bd3 e5 9. Nxd5 Bxd2+ 10. Nxd2 exd4 11. Nxf6+ Qxf6 12. O-O dxe3 13. fxe3 Qh6 14. Rf3 Rxe3 15. Bxh7+ Kf8 16. Rxe3 Qxe3+ 17. Kh1 Bd7 18. Qd3 Qe6 19. Qa3+ Ke8 20. Be4 a6 21. Rf1 Rd8 22. Bd5 Qd6 23. Qxd6 cxd6 24. Bxf7+ Ke7 25. Bd5 Be6 26. Bxe6 Kxe6 27. Nf3 Kd7 28. Re1 Nb4 29. a3 Nd3 30. Re2 Rc8 31. b3 Rf8 32. Kg1 Rf6 33. Rd2 Nf4 34. Ng5 b6 35. g3 Ng6 36. Rf2 Ne5 37. Rxf6 gxf6 38. Ne4 Ke6 39. h4 f5 40. Nd2 Kf6 41. Kf2 Ng4+ 42. Ke2 Ke5 43. Nf3+ Kf6 44. b4 f4 45. gxf4 Kf5 46. Ng5 Kxf4 47. Nf7 d5 48. cxd5 Nf6 49. d6 Kf5 50. h5 Ke6 51. Ng5+ Kf5 52. h6 Kg6 53. Ne4 Nd7 54. Ke3 Kxh6 55. Kd4 Kg6 56. Kd5 Kf7 57. Kc6 Ke8 58. Kc7 a5 59. bxa5 bxa5 60. a4 Ne5 61. Nf6+ Kf7 62. d7 1-0

[Event "Hull CC-chB"]
[Site "Gatineau CAN"]
[Date "2009.05.05"]
[Round "4"]
[White "Berthiaume, Patrick"]
[Black "Duret, Serge"]
[Result "1-0"]
[WhiteElo "1172"]
[BlackElo "1007"]
[PlyCount "45"]
[GameId "2160767910157279"]
[EventDate "2009.04.14"]
[EventType "swiss"]
[EventRounds "5"]
[EventCountry "CAN"]
[SourceTitle "EXT 2011"]
[Source "ChessBase"]
[SourceDate "2011.11.26"]
[SourceVersion "1"]
[SourceVersionDate "2011.11.26"]
[SourceQuality "1"]

1. e4 c5 2. Nf3 Nc6 3. d4 cxd4 4. Nxd4 Nf6 5. Nc3 g6 6. Bc4 Bg7 7. Nb3 d6 8. f3 O-O 9. Be3 Qc7 10. Qd2 Nb4 11. Be2 d5 12. a3 Na6 13. exd5 Rd8 14. O-O-O e6 15. d6 Qc6 16. Bb5 Qxd6 17. Qxd6 Rxd6 18. Rxd6 e5 19. Rhd1 Be6 20. Rd8+ Rxd8 21. Rxd8+ Bf8 22. Bxa6 bxa6 23. Nc5 1-0

[Event "Hull CC-chB"]
[Site "Gatineau CAN"]
[Date "2009.05.05"]
[Round "4"]
[White "Dagenais, Benoit"]
[Black "Levesque, Andre"]
[Result "0-1"]
[WhiteElo "1138"]
[BlackElo "1302"]
[PlyCount "136"]
[GameId "2160767910157280"]
[EventDate "2009.04.14"]
[EventType "swiss"]
[EventRounds "5"]
[EventCountry "CAN"]
[SourceTitle "EXT 2011"]
[Source "ChessBase"]
[SourceDate "2011.11.26"]
[SourceVersion "1"]
[SourceVersionDate "2011.11.26"]
[SourceQuality "1"]

1. e4 c5 2. Nf3 Nc6 3. d4 cxd4 4. Nxd4 g6 5. Be3 Bg7 6. Qd2 Nf6 7. Nc3 O-O 8. Nxc6 bxc6 9. Bh6 Bxh6 10. Qxh6 Qb6 11. b3 Qb4 12. Qd2 Nxe4 13. Nxe4 Qxe4+ 14. Kd1 d5 15. f3 Qe5 16. c3 Bb7 17. Kc2 Rad8 18. Re1 Qd6 19. Bd3 e5 20. Rd1 c5 21. Bb5 d4 22. c4 e4 23. Rhe1 f5 24. Qf2 d3+ 25. Kc1 Qe5 26. Qb2 Qxb2+ 27. Kxb2 Rd4 28. f4 Rf6 29. Kc3 Rfd6 30. Rd2 a6 31. Ba4 Bc6 32. Bxc6 Rxc6 33. b4 Rd8 34. bxc5 Rxc5 35. Rc1 Rdc8 36. Kd4 Kf7 37. h4 h5 38. g3 a5 39. a4 Ke6 40. Rb2 Kd6 41. Rb6+ R8c6 42. Rb2 Rd5+ 43. Ke3 Rdc5 44. Kd4 Kc7 45. Rc3 Rb6 46. Rxb6 Kxb6 47. Rb3+ Kc6 48. Kc3 d2 49. Kxd2 Rxc4 50. Ra3 Kc5 51. Ra1 Kb4 52. Rb1+ Kc5 53. Ra1 Kd4 54. Ra3 Rb4 55. Kc2 e3 56. Rd3+ Ke4 57. Ra3 Kf3 58. Kc1 Kf2 59. Ra1 Re4 60. g4 e2 61. Ra2 hxg4 62. h5 gxh5 63. Kc2 e1=Q 64. Kd3+ Re2 65. Ra3 Qd1+ 66. Kc3 Qc1+ 67. Kd4 Qxa3 68. Kd5 Qb3+ 0-1

[Event "Hull CC-chB"]
[Site "Gatineau CAN"]
[Date "2009.05.05"]
[Round "4"]
[White "Groleau, Gilles"]
[Black "Van Dusen, Eric"]
[Result "1/2-1/2"]
[WhiteElo "1885"]
[BlackElo "1830"]
[PlyCount "90"]
[GameId "2160767910157281"]
[EventDate "2009.04.14"]
[EventType "swiss"]
[EventRounds "5"]
[EventCountry "CAN"]
[SourceTitle "EXT 2011"]
[Source "ChessBase"]
[SourceDate "2011.11.26"]
[SourceVersion "1"]
[SourceVersionDate "2011.11.26"]
[SourceQuality "1"]

1. e4 g6 2. d4 Bg7 3. Nf3 d6 4. Be2 Nf6 5. Nc3 c6 6. O-O b5 7. a3 O-O 8. h3 Qc7 9. Be3 Nbd7 10. Qd2 Re8 11. Bh6 Bh8 12. Rfe1 Bb7 13. Rad1 a5 14. Bd3 b4 15. axb4 axb4 16. Ne2 c5 17. dxc5 Nxc5 18. Ng3 Nfd7 19. Qxb4 Reb8 20. Qd2 Bxb2 21. Rb1 Nxd3 22. cxd3 Bc3 23. Rec1 Bxd2 24. Rxc7 Bxh6 25. Rxd7 Ba6 26. Rxb8+ Rxb8 27. e5 Rb1+ 28. Kh2 Bf4 29. Rxe7 Bxd3 30. exd6 Bxd6 31. Rd7 Bxg3+ 32. Kxg3 Bf5 33. Rd8+ Kg7 34. Nd4 Ra1 35. Nxf5+ gxf5 36. Rd4 Ra3+ 37. f3 Ra2 38. h4 Rb2 39. Rd6 Rb5 40. Kf4 h6 41. g3 Ra5 42. h5 Rb5 43. Ra6 Rc5 44. Ra3 Rb5 45. Ra6 Rc5 1/2-1/2

[Event "Hull CC-chB"]
[Site "Gatineau CAN"]
[Date "2009.05.05"]
[Round "4"]
[White "Guimond, Michel"]
[Black "Libersan, Mattieu"]
[Result "0-1"]
[WhiteElo "1907"]
[BlackElo "1872"]
[PlyCount "102"]
[GameId "2160767910157282"]
[EventDate "2009.04.14"]
[EventType "swiss"]
[EventRounds "5"]
[EventCountry "CAN"]
[SourceTitle "EXT 2011"]
[Source "ChessBase"]
[SourceDate "2011.11.26"]
[SourceVersion "1"]
[SourceVersionDate "2011.11.26"]
[SourceQuality "1"]

1. e4 c5 2. Nf3 Nc6 3. d4 cxd4 4. Nxd4 Nf6 5. Nc3 e5 6. Nf5 d5 7. Bg5 Bxf5 8. exf5 Bb4 9. a3 Bxc3+ 10. bxc3 Qa5 11. Bd3 Qxc3+ 12. Bd2 Qc5 13. Rb1 b6 14. O-O O-O 15. Bg5 Qd6 16. Ba6 Ne4 17. Bh4 f6 18. Qe1 Nd4 19. Bd3 Nc5 20. Qe3 Nxd3 21. Qxd3 Rac8 22. Rb2 Qc5 23. Rd1 Qc3 24. Qxc3 Rxc3 25. f3 Nxf5 26. Be1 Ne3 27. Rc1 Rc4 28. Kf2 Nf5 29. Rd1 d4 30. Bd2 Rfc8 31. Rc1 Ne7 32. Ke2 Nd5 33. Kd3 f5 34. g4 Rc3+ 35. Bxc3 Nf4+ 36. Kd2 dxc3+ 37. Kd1 Rd8+ 38. Ke1 Ng2+ 39. Kf2 Rd2+ 40. Kg3 cxb2 41. Rb1 f4+ 42. Kh3 Rxc2 43. a4 Ne3 44. a5 bxa5 45. Kh4 h6 46. Kh5 Kh7 47. Rh1 Rc1 48. g5 g6+ 49. Kh4 Rxh1 50. gxh6 Kxh6 51. Kh3 b1=Q 0-1

[Event "Hull CC-chB"]
[Site "Gatineau CAN"]
[Date "2009.05.05"]
[Round "4"]
[White "Jani, Louis"]
[Black "MacIsaac, Alexandre"]
[Result "0-1"]
[WhiteElo "1435"]
[BlackElo "1488"]
[PlyCount "80"]
[GameId "2160767910157283"]
[EventDate "2009.04.14"]
[EventType "swiss"]
[EventRounds "5"]
[EventCountry "CAN"]
[SourceTitle "EXT 2011"]
[Source "ChessBase"]
[SourceDate "2011.11.26"]
[SourceVersion "1"]
[SourceVersionDate "2011.11.26"]
[SourceQuality "1"]

1. f4 e6 2. Nf3 Nf6 3. e3 g6 4. b3 Bg7 5. Bb2 O-O 6. Be2 d6 7. O-O Nbd7 8. Kh1 c5 9. Nc3 Nd5 10. Qc1 Nxc3 11. dxc3 Nb6 12. Rb1 Nd5 13. c4 Nc3 14. Bxc3 Bxc3 15. Rd1 Qe7 16. Rd3 Bg7 17. Qd2 Rd8 18. Rd1 Bf8 19. Bf1 f6 20. e4 e5 21. fxe5 fxe5 22. Qf2 Qf6 23. Be2 Be7 24. Rf1 Rf8 25. Qg1 Qg7 26. Ne1 Bd7 27. Bf3 Bc6 28. c3 Rf4 29. Re3 Rf7 30. Bg4 Rxf1 31. Qxf1 Rf8 32. Be6+ Kh8 33. Qg1 Bg5 34. Re2 Rf4 35. Bd5 Qf6 36. Nf3 Bxd5 37. cxd5 Bh4 38. Qd1 Rxf3 39. gxf3 Qxf3+ 40. Kg1 Bf2+ 0-1

[Event "Hull CC-chB"]
[Site "Gatineau CAN"]
[Date "2009.05.05"]
[Round "4"]
[White "Jiang, Qizhe"]
[Black "Baril Boudreau, Felix"]
[Result "1-0"]
[WhiteElo "1046"]
[BlackElo "1546"]
[PlyCount "31"]
[GameId "2160767910157284"]
[EventDate "2009.04.14"]
[EventType "swiss"]
[EventRounds "5"]
[EventCountry "CAN"]
[SourceTitle "EXT 2011"]
[Source "ChessBase"]
[SourceDate "2011.11.26"]
[SourceVersion "1"]
[SourceVersionDate "2011.11.26"]
[SourceQuality "1"]

1. e4 c5 2. Nf3 Nc6 3. Nc3 g6 4. Bc4 Bg7 5. d3 e6 6. Be3 Nd4 7. e5 Nxf3+ 8. Qxf3 Bxe5 9. Bxc5 Qa5 10. d4 Bg7 11. O-O Nf6 12. Nb5 d5 13. Nd6+ Kd7 14. Bb5+ Kd8 15. Nxf7+ Kc7 16. Qf4+ 1-0